[Event "Skopje op-B"]
[Site "Skopje"]
[Date "2023.12.10"]
[Round "7"]
[White "Stojcheski, Goran"]
[Black "Jovanovski, Zoran"]
[Result "0-1"]
[WhiteElo "1349"]
[BlackElo "1799"]
[PlyCount "79"]
[EventDate "2023.12.06"]
[EventType "swiss"]
[EventRounds "9"]
[EventCountry "MKD"]
[SourceTitle "CB51_2023"]
[SourceDate "2023.12.20"]
[SourceVersion "1"]
[SourceVersionDate "2023.12.20"]
[SourceQuality "1"]

1. e4 c5 2. Nf3 d6 3. c3 Nf6 4. Bd3 Nc6 5. Bc2 Bg4 6. h3 Bh5 7. d3 h6 8. 0-0 g5 9. Qe1 e5 10. g4 Bg6 11. Qe2 Qd7 12. Nh2 Be7 13. Be3 h5 14. f3 hxg4 15. hxg4 0-0-0 16. Nd2 Rh7 17. Rf2 Rdh8 18. Ndf1 Ne8 19. Ng3 Nd8 20. Rd1 Ne6 21. d4 Nf4 22. Bxf4 gxf4 23. Nf5 Bxf5 24. exf5 Bh4 25. Rg2 Bg3 26. f6 Rxh2 27. Rxh2 Rxh2 28. Qxh2 Bxh2+ 29. Kxh2 Qc6 30. Bf5+ Kc7 31. d5 Qb5 32. Rd2 Nxf6 33. Bd3 c4 34. Be4 Nxe4 35. fxe4 Qc5 36. g5 Qe3 37. Rg2 Qxe4 38. Kh3 Qf5+ 39. Rg4 e4 40. Kh4 0-1

[Event "Skopje op-B"]
[Site "Skopje"]
[Date "2023.12.06"]
[Round "1"]
[White "Bertrand, Antoine Louis"]
[Black "Jovanovski, Zoran"]
[Result "0-1"]
[WhiteElo "1239"]
[BlackElo "1799"]
[PlyCount "56"]
[EventDate "2023.12.06"]
[EventType "swiss"]
[EventRounds "9"]
[EventCountry "MKD"]
[SourceTitle "CB51_2023"]
[SourceDate "2023.12.20"]
[SourceVersion "1"]
[SourceVersionDate "2023.12.20"]
[SourceQuality "1"]

1. d4 d5 2. c4 c6 3. Nc3 Nf6 4. Nf3 h6 5. Bf4 g5 6. Bg3 Bg7 7. e3 0-0 8. Be2 Ne4 9. Qc2 f5 10. 0-0-0 e6 11. Rhf1 Nd7 12. h3 b6 13. Bh2 a5 14. Nxe4 dxe4 15. Ne5 Bb7 16. f3 Nf6 17. g4 Qc8 18. gxf5 exf5 19. fxe4 Nxe4 20. Ng6 Re8 21. Rf3 Kh7 22. Ne5 c5 23. Rff1 Nd6 24. Rxf5 Be4 25. Bd3 Bxd3 26. Qxd3 Nxf5 27. Qxf5+ Kg8 28. d5 Rf8 0-1

[Event "FRM-ch op"]
[Site "Skopje"]
[Date "2023.05.06"]
[Round "4"]
[White "Tasevski, Daniel"]
[Black "Jovanovski, Zoran"]
[Result "0-1"]
[WhiteElo "1298"]
[BlackElo "1701"]
[PlyCount "154"]
[EventDate "2023.05.04"]
[EventType "swiss"]
[EventRounds "9"]
[EventCountry "MKD"]
[SourceTitle "CBM 214 Extra"]
[Source "ChessBase"]
[SourceDate "2023.07.31"]
[SourceVersion "1"]
[SourceVersionDate "2023.07.31"]
[SourceQuality "1"]

1. e4 c5 2. Nf3 d6 3. d4 cxd4 4. Nxd4 Nf6 5. Bd3 e6 6. c4 Be7 7. Nc3 Nc6 8. Nf3 a6 9. Bg5 Qc7 10. a3 Ne5 11. Nxe5 dxe5 12. Qe2 0-0 13. 0-0 Bd7 14. Rfd1 Bc6 15. h3 Rfd8 16. Rd2 h6 17. Be3 b6 18. Rad1 Rd7 19. Bc2 Rad8 20. Rxd7 Rxd7 21. Rxd7 Nxd7 22. f3 f6 23. b4 a5 24. b5 Bb7 25. a4 Kf7 26. Bb3 Nc5 27. Qd1 g5 28. g4 Qd6 29. Qxd6 Bxd6 30. Bxc5 Bxc5+ 31. Kg2 Ke7 32. Kg3 Kd6 33. h4 Bd4 34. Ne2 Be3 35. h5 Kc5 36. Kg2 Kb4 37. Bd1 Kxc4 38. Kf1 Bc8 39. Bc2 Bd7 40. Ke1 Kb4 41. Kd1 Ka3 42. Nc3 Kb2 43. Nb1 Bc8 44. Nd2 Kc3 45. Nb1+ Kb4 46. Ke2 Bf4 47. Kd3 f5 48. Ke2 fxg4 49. fxg4 Kc4 50. Bd3+ Kb3 51. Kd1 Kxa4 52. Kc2 Kb4 53. Nc3 Be3 54. Nb1 Bd7 55. Nc3 Bd4 56. Na2+ Ka4 57. Bc4 Bxb5 58. Bxe6 Be8 59. Kd3 Bb5+ 60. Kc2 Ka3 61. Nc1 a4 62. Bd5 Kb4 63. Be6 Kc5 64. Bf7 Bd7 65. Nd3+ Kd6 66. Nb4 Bxg4 67. Nd5 Bf3 68. Bg6 Ke6 69. Nc7+ Kf6 70. Ne8+ Ke7 71. Ng7 Bg4 72. Bf5 Bf3 73. Bg6 g4 74. Bh7 Kf6 75. Nf5 Kg5 76. Nxd4 exd4 77. e5 g3 0-1

[Event "FRM-ch op"]
[Site "Skopje"]
[Date "2018.12.23"]
[Round "9"]
[White "Jovanovski, Zoran"]
[Black "Loshkov, Konstantin"]
[Result "1-0"]
[WhiteElo "1716"]
[BlackElo "1336"]
[PlyCount "107"]
[EventDate "2018.12.15"]
[EventType "swiss"]
[EventRounds "9"]
[EventCountry "MKD"]
[SourceTitle "EXT 2020"]
[Source "ChessBase"]
[SourceDate "2019.10.17"]
[SourceVersion "1"]
[SourceVersionDate "2019.10.17"]
[SourceQuality "1"]

1. e4 e6 2. g3 d5 3. Bg2 Nf6 4. exd5 exd5 5. Ne2 Bd6 6. d4 0-0 7. 0-0 h6 8. Bf4 Bg4 9. Bxd6 Qxd6 10. c4 Nc6 11. c5 Qe6 12. Nbc3 Rfe8 13. Re1 Re7 14. Qd2 Ne4 15. Nxe4 dxe4 16. Nf4 Qf5 17. Re3 g5 18. Ne2 Rd8 19. Re1 Re6 20. Qc3 Bxe2 21. R3xe2 Rxd4 22. a3 Qd5 23. b4 f5 24. f3 Rd3 25. fxe4 fxe4 26. Qc2 Nd4 27. Qxd3 exd3 28. Bxd5 Nxe2+ 29. Rxe2 dxe2 30. Bxe6+ Kg7 31. Kf2 Kf6 32. Bc4 e1Q+ 33. Kxe1 Kf5 34. b5 Ke4 35. c6 bxc6 36. bxc6 Kd4 37. Be2 a5 38. a4 Kc5 39. Bb5 Kd4 40. Kf2 g4 41. Kg2 Ke5 42. h3 h5 43. hxg4 hxg4 44. Kf2 Kd4 45. Ke2 Ke4 46. Bd3+ Kd5 47. Bf5 Kxc6 48. Kd3 Kc5 49. Kc3 Kd5 50. Bxg4 c6 51. Be2 Ke5 52. Kc4 Kd6 53. g4 Ke5 54. Kc5 1-0